000 00548nam a22001691a 4500
001 6662
003 OSt
005 20260204212059.0
008 060627s1981||||dr ||||||b||||||||||spa||
050 _aRD 636.2 C333e
110 _aCentro de Investigación Pecuaria
245 _aEvaluación de la investigación pecuaria en República Dominicana: ponencia presentación en la VII reunión latinoamericana de producción animal
264 _aSanto Domingo : SEA
300 _a76 p
650 _a1.Producción Animal 2.AgropecuariaÌ
942 _2ddc
_cBK
999 _c6662
_d6662